000 00306nam a22001337a 4500
008 170606b xxu||||| |||| 00| 0 eng d
020 _a9780742538535
041 _aeng
080 _a327
100 _a18
101 _aSHP
245 _aTHE INFORMATION AND WORLD POLITICS
_cHANSON.E.C
942 _2udc
_cBK
999 _c16187
_d16187